| 000 | 00411nam a22001697a 4500 | ||
|---|---|---|---|
| 005 | 20180519115552.0 | ||
| 008 | 160613b xxu||||| |||| 00| 0 eng d | ||
| 020 | _a978-0-07068188-0 | ||
| 041 | _aeng | ||
| 082 |
_b7129 _a511.1 |
||
| 100 |
_aRusen, K.H. _91758 |
||
| 245 | _aDiscrate Mathematics and its applications | ||
| 260 | _bTMH | ||
| 300 | _a597 | ||
| 650 |
_aInformation Technology _9137 |
||
| 942 | _cBK | ||
| 999 |
_c2474 _d2473 |
||